Stochastický model diskrétních transformačních procesů
Modely transformačných procesov, v ktorých možno vymedziť isté diskrétne stavy, napr. čiastkové ciele, etapy a pod., pričom je úlohou optimalizovať výber variantov (programov, projektov) vzhľadom na zvolený časový horizont, cieľový a východiskový stav. Popis dynamiky modelovacích procesov, ich hodno...
Salvato in:
| Autore principale: | |
|---|---|
| Natura: | Capitolo di libro |
| Lingua: | ceco |
| Soggetti: | |
| Tags: |
Nessun Tag, puoi essere il primo ad aggiungerne!!
|
MARC
| LEADER | 00000naa a2200000 4500 | ||
|---|---|---|---|
| 001 | r024232 | ||
| 005 | 20221205085750.7 | ||
| 041 | 0 | |a cze | |
| 044 | |a CZ | ||
| 245 | 1 | 0 | |a Stochastický model diskrétních transformačních procesů |c Josef Lauber |
| 520 | |a Modely transformačných procesov, v ktorých možno vymedziť isté diskrétne stavy, napr. čiastkové ciele, etapy a pod., pričom je úlohou optimalizovať výber variantov (programov, projektov) vzhľadom na zvolený časový horizont, cieľový a východiskový stav. Popis dynamiky modelovacích procesov, ich hodnotovej stránky vrátane diskontovania budúcich výnosov či nákladov. Použitý matematický aparát - semimarkovove procesy s hodnotením a metodológia dynamického programovania. Použitie. | ||
| 610 | 2 | 0 | |a rozhodovanie |
| 610 | 2 | 0 | |a optimalizácia |
| 610 | 2 | 0 | |a programovanie dynamické |
| 610 | 2 | 0 | |a programovanie matematické |
| 610 | 2 | 0 | |a procesy Markovove |
| 610 | 2 | 0 | |a transformácia |
| 100 | 1 | |a Lauber, Josef | |